Les récidives d’ongle incarné : quelle prise en charge en chirurgie secondaire ? (notice n° 1534058)
[ vue normale ]
| 000 -LEADER | |
|---|---|
| fixed length control field | 00562cam a2200157 4500500 |
| 005 - DATE AND TIME OF LATEST TRANSACTION | |
| control field | 20251012020103.0 |
| 041 ## - LANGUAGE CODE | |
| Language code of text/sound track or separate title | fre |
| 042 ## - AUTHENTICATION CODE | |
| Authentication code | dc |
| 100 10 - MAIN ENTRY--PERSONAL NAME | |
| Personal name | Beldame, J. |
| Relator term | author |
| 245 00 - TITLE STATEMENT | |
| Title | Les récidives d’ongle incarné : quelle prise en charge en chirurgie secondaire ? |
| 260 ## - PUBLICATION, DISTRIBUTION, ETC. | |
| Date of publication, distribution, etc. | 2025.<br/> |
| 500 ## - GENERAL NOTE | |
| General note | 97 |
| 700 10 - ADDED ENTRY--PERSONAL NAME | |
| Personal name | Munoz, M.-A. |
| Relator term | author |
| 786 0# - DATA SOURCE ENTRY | |
| Note | Médecine et chirurgie du pied | 40 | 1 | 2025-09-19 | p. 5-11 | 0759-2280 |
| 856 41 - ELECTRONIC LOCATION AND ACCESS | |
| Uniform Resource Identifier | <a href="https://shs.cairn.info/revue-medecine-et-chirurgie-du-pied-2025-1-page-5?lang=fr&redirect-ssocas=7080">https://shs.cairn.info/revue-medecine-et-chirurgie-du-pied-2025-1-page-5?lang=fr&redirect-ssocas=7080</a> |
Pas d'exemplaire disponible.




Réseaux sociaux